| 000 | 01299nam a22004217a 4500 | ||
|---|---|---|---|
| 005 | 20250703094556.0 | ||
| 008 | 210816b2015 xxu||||| |||| 00| 0 spa d | ||
| 020 | _a9788416601059 | ||
| 041 | _aESP | ||
| 082 | _a658.406.3 L212r6 | ||
| 100 |
_aLaloux, Frederic _961031 |
||
| 245 | _aReinventar las organizaciones | ||
| 250 | _a6 edición | ||
| 260 | _aEspaña | ||
| 260 | _bARPA | ||
| 260 | _c2015 | ||
| 300 | _a495 páginas | ||
| 490 | _aDirección y Administración de Empresas | ||
| 505 | _aParte I. Perspectiva histórica y del desarrollo Parte II. Estructuras, prácticas y culturas de la organización teal Parte III. El surgimiento de las organizaciones teal. | ||
| 650 | _aINNOVACIÓN POR LA GERENCIA | ||
| 650 | _aCAMBIOS CORPORATIVOS | ||
| 650 | _aCAMBIOS DE PARADIGMA | ||
| 650 | _aTEAL-EVOLUTIVO | ||
| 650 | _aORGANIZACIONES | ||
| 650 | _aESTRUCTURAS PRÁCTICAS | ||
| 650 | _aCULTURAS DE LA ORGANIZACIÓN | ||
| 650 | _aGESTIÓN DEL DESEMPEÑO | ||
| 650 | _aFEEDBACK | ||
| 650 | _aMARKETING | ||
| 650 | _aCOMO TRANSFORMAR UNA ORGANIZACIÓN EXISTENTE | ||
| 650 | _aADMINISTRACIÓN | ||
| 650 | _aEMPRESA | ||
| 650 | _aINNOVACIÓN | ||
| 650 | _aAUTOGESTIÓN | ||
| 650 | _aORGANIZACIONES TEAL | ||
| 650 | _aSOCIEDAD TEAL | ||
| 942 |
_cBK _2ddc |
||
| 999 |
_c13128 _d13128 |
||